00255nam a2200097Ia 4500008004100000082001500041100002200056245004500078260002500123300000900148210430s9999 xx 000 0 und d a518 G726 N aMatheus Grasselli aNumerical MathematicscMatheus Grasselli aAmericabJonesc2008 a668p